|
|
|
|
| LEADER |
00000nam0a2200000 4500 |
| 001 |
330504 |
| 005 |
20231102004251.0 |
| 010 |
|
|
|a 9785699335466
|
| 035 |
|
|
|a (RuTPU)RU\TPU\book\356278
|
| 090 |
|
|
|a 330504
|
| 100 |
|
|
|a 20170405d2009 m y0rusy50 ca
|
| 101 |
0 |
|
|a rus
|
| 102 |
|
|
|a RU
|
| 105 |
|
|
|a y z 000ay
|
| 200 |
1 |
|
|a Мефодий Буслаев. Ожерелье дриады
|e повесть
|f Д. А. Емец
|
| 210 |
|
|
|a Москва
|c Эксмо
|d 2009
|
| 215 |
|
|
|a 381 с.
|
| 225 |
1 |
|
|a Мефодий Буслаев
|
| 225 |
1 |
|
|a Хулиганское фэнтези!
|
| 330 |
|
|
|a Силы Мефодия не дают покоя мраку. Тридцатого июля Лигул надеется разом избавиться от Мошкина, Наты и Чимоданова, передав их способности новой наследнице — Прасковье, с помощью которой горбун планирует добраться и до Буслаева. Правда, рядом с ним постоянно находится Даф, а это все усложняет. Но вот настал подходящий момент: светлая напоролась на меч Мефа, и теперь в ее крови бушует темень. Только ожерелье дриады может помочь Дафне, а значит, темным стражам надо достать его первыми. Но не они одни жаждут завладеть целительным артефактом — у Арея тоже есть на него планы. Ожерелье может навсегда защитить эйдос его дочери от мрака...
|
| 606 |
1 |
|
|a Русская литература современная
|2 stltpush
|3 (RuTPU)RU\TPU\subj\26373
|9 50316
|
| 610 |
1 |
|
|a приключения
|
| 610 |
1 |
|
|a фантастика
|
| 610 |
1 |
|
|a фэнтези
|
| 610 |
1 |
|
|a повести
|
| 675 |
|
|
|a Р2
|v 4
|
| 700 |
|
1 |
|a Емец
|b Д. А.
|g Дмитрий Александрович
|
| 801 |
|
1 |
|a RU
|b 63413507
|c 20170405
|
| 801 |
|
2 |
|a RU
|b 63413507
|c 20170417
|g RCR
|
| 942 |
|
|
|c BK
|